<?xml version="1.0" encoding="UTF-8"?><?xml-stylesheet type="text/xsl" href="static/style.xsl"?><OAI-PMH xmlns="http://www.openarchives.org/OAI/2.0/" xmlns:xsi="http://www.w3.org/2001/XMLSchema-instance" xsi:schemaLocation="http://www.openarchives.org/OAI/2.0/ http://www.openarchives.org/OAI/2.0/OAI-PMH.xsd"><responseDate>2026-04-27T22:09:49Z</responseDate><request verb="GetRecord" identifier="oai:uvadoc.uva.es:10324/64720" metadataPrefix="marc">https://uvadoc.uva.es/oai/request</request><GetRecord><record><header><identifier>oai:uvadoc.uva.es:10324/64720</identifier><datestamp>2024-01-18T20:01:35Z</datestamp><setSpec>com_10324_1181</setSpec><setSpec>com_10324_931</setSpec><setSpec>com_10324_894</setSpec><setSpec>col_10324_1387</setSpec></header><metadata><record xmlns="http://www.loc.gov/MARC21/slim" xmlns:doc="http://www.lyncode.com/xoai" xmlns:xsi="http://www.w3.org/2001/XMLSchema-instance" xmlns:dcterms="http://purl.org/dc/terms/" xsi:schemaLocation="http://www.loc.gov/MARC21/slim http://www.loc.gov/standards/marcxml/schema/MARC21slim.xsd">
<leader>00925njm 22002777a 4500</leader>
<datafield tag="042" ind1=" " ind2=" ">
<subfield code="a">dc</subfield>
</datafield>
<datafield tag="720" ind1=" " ind2=" ">
<subfield code="a">del Villar Guerra, Pablo</subfield>
<subfield code="e">author</subfield>
</datafield>
<datafield tag="720" ind1=" " ind2=" ">
<subfield code="a">Martínez Flórez, Ana</subfield>
<subfield code="e">author</subfield>
</datafield>
<datafield tag="720" ind1=" " ind2=" ">
<subfield code="a">Catalina Fernández, Cristina</subfield>
<subfield code="e">author</subfield>
</datafield>
<datafield tag="720" ind1=" " ind2=" ">
<subfield code="a">Centeno Malfaz, Fernando</subfield>
<subfield code="e">author</subfield>
</datafield>
<datafield tag="260" ind1=" " ind2=" ">
<subfield code="c">2022</subfield>
</datafield>
<datafield tag="520" ind1=" " ind2=" ">
<subfield code="a">En la primera ola de la pandemia COVID-19, la implantación del estado de alarma en España y la imposición del confinamiento de la población obligaron a modificar muchos procedimientos y estructuras en la asistencia sanitaria. En nuestro hospital entendimos que la atención domiciliaria, hasta ahora más desarrollada para pacientes adultos, era una alternativa interesante para afrontar las dificul tades causadas por el confinamiento. Describimos aquí brevemente la transformación de una Unidad de Cuidados Paliativos Pediátricos (UCPP), en un equipo de Atención Domiciliaria Pediátrica (ADP), y su funcionamiento entre el inicio del confinamiento (16 de marzo) y el 24 de mayo (fin de la «fase 0» de la «desescalada»)</subfield>
</datafield>
<datafield tag="024" ind2=" " ind1="8">
<subfield code="a">Anales de Pediatría 96 (2022) 449---458</subfield>
</datafield>
<datafield tag="024" ind2=" " ind1="8">
<subfield code="a">1695-4033</subfield>
</datafield>
<datafield tag="024" ind2=" " ind1="8">
<subfield code="a">https://uvadoc.uva.es/handle/10324/64720</subfield>
</datafield>
<datafield tag="024" ind2=" " ind1="8">
<subfield code="a">10.1016/j.anpedi.2021.01.004</subfield>
</datafield>
<datafield tag="024" ind2=" " ind1="8">
<subfield code="a">449</subfield>
</datafield>
<datafield tag="024" ind2=" " ind1="8">
<subfield code="a">5</subfield>
</datafield>
<datafield tag="024" ind2=" " ind1="8">
<subfield code="a">451</subfield>
</datafield>
<datafield tag="024" ind2=" " ind1="8">
<subfield code="a">Anales de Pediatría</subfield>
</datafield>
<datafield tag="024" ind2=" " ind1="8">
<subfield code="a">96</subfield>
</datafield>
<datafield tag="245" ind1="0" ind2="0">
<subfield code="a">Transformación de una Unidad de Cuidados Paliativos Pediátricos en Unidad de Atención Domiciliaria a raíz de la pandemia COVID-19. ¿Llegó para quedarse?</subfield>
</datafield>
</record></metadata></record></GetRecord></OAI-PMH>